00865nam a2200145 4500008001300000020001500013082001800028100001700046245001600063260004200079300003400121505038300155650009800538700008300636779.092 O62c a8493189839 a779.092bO62c aOquet, Charo aCharo Oquet aMadridbEditorial Cromart, S.L.c2002 a128 p.bill (col)c23 x 17 cm tCharo Oquet: Lo que ve la sirenarAntonio ZayatEl arte de Charo Oquet: Explicación del tiempo por medio del colorrRobert Farris ThompsontCharo Oquet: La búsqueda de lo propio o la victoria del caosrFrancine BirbraghertLos dominios de Santa Marta: Charo Oquet y su lección de paracélsica antillanarAlanna LockwardtPinturastRetratostGagatAccionestInstalaciones  xarte contemporáneoxRepública Dominicanaxfotografíaxarte - catálogo de exhibición aZaya, Antonio; Farris Thompson, Robert; Birbragher, Francine; Lockward, Alanna